250 Movies Adapted from Books - Statistics

General Stats
  • This quiz has been taken 291 times
  • The average score is 76 of 250
Answer Stats
Actor Year Author Answer % Correct
Ian McKellen 2001 J.R.R. Tolkien The Lord of the Rings: The Fellowship of the Ring
86%
Leonardo DiCaprio 2013 F. Scott Fitzgerald The Great Gatsby
80%
Jack Nicholson 1980 Stephen King The Shining
80%
Colin Firth 1995 Jane Austen Pride and Prejudice
79%
Marlon Brando 1972 Mario Puzo The Godfather
79%
Gregory Peck 1962 Harper Lee To Kill a Mockingbird
77%
Jennifer Lawrence 2013 Suzanne Collins The Hunger Games
76%
Judy Garland 1939 L. Frank Baum The Wizard of Oz
76%
Bill Skarsgard 2017 Stephen King It
75%
Sam Neill 1993 Michael Chricton Jurassic Park
74%
Johnny Depp 2010 Lewis Carroll Alice in Wonderland
73%
Saorise Ronan 2019 Louisa M. Alcott Little Women
72%
Jack Nicholson 1975 Ken Kesey One Flew Over the Cuckoo's Nest
70%
Tom Hanks 1994 Winston Groom Forrest Gump
69%
Kristen Stewart 2008 Stephenie Meyer Twilight
69%
Clark Gable 1939 Margaret Mitchell Gone With the Wind
66%
Tom Hanks 2006 Dan Brown The DaVinci Code
66%
Whoopi Goldberg 1985 Alice Walker The Color Purple
65%
Gwyneth Paltrow 1996 Jane Austen Emma
64%
Audrey Hepburn 1961 Truman Capote Breakfast at Tiffany's
62%
Brad Pitt 1999 Chuck Palahniuk Fight Club
62%
Emma Thompson 1995 Jane Austen Sense and Sensibility
62%
Sissy Spacek 1976 Stephen King Carrie
60%
Tim Robbins 1994 Stephen King The Shawshank Redemption
60%
Kyle MacLachlan 1984 Frank Herbert Dune
59%
Ryan Gosling 2004 Nicholas Sparks The Notebook
59%
Cliff Robertson 1968 Daniel Keyes Charly
58%
Keira Knightley 2012 Leo Tolstoy Anna Karenina
57%
Harrison Ford 1982 Phillip K. Dick Blade Runner
57%
Colin Clive 1931 Mary Shelley Frankenstein
57%
Rosamund Pike 2014 Gillian Flynn Gone Girl
57%
Gene Wilder 1971 Roald Dahl Willy Wonka and the Chocolate Factory
57%
John Malkovich 1992 John Steinbeck Of Mice and Men
56%
Kathy Bates 1990 Stephen King Misery
54%
Noomi Rapace 2009 Steig Larsson The Girl With the Dragon Tattoo
54%
Henry Fonda 1940 John Steinbeck The Grapes of Wrath
54%
Christian Bale 2000 Bret Easton Ellis American Psycho
53%
Keira Knightley 2007 Ian McEwan Atonement
53%
Roy Scheider 1975 Peter Benchley Jaws
53%
Brie Larson 2015 Emma Donoghue Room
53%
Michael Clarke Duncan 1999 Stephen King The Green Mile
52%
Viola Davis 2011 Kathryn Stockett The Help
52%
Javier Bardem 2007 Cormac McCarthy No Country for Old Men
51%
Kevin Costner 1990 Michael Blake Dances With Wolves
50%
Joe Pesci 1990 Nicholas Pillegi Goodfellas
50%
Anthony Perkins 1960 Robert Bloch Psycho
50%
Liam Neeson 1993 Thomas Keneally Schindler's List
50%
Ewan McGregor 1996 Irvine Welsh Trainspotting
50%
Khalid Abdalla 2007 Khaled Hosseini The Kite Runner
49%
Malcolm McDowell 1971 Anthony Burgess A Clockwork Orange
48%
Brad Pitt 1994 Anne Rice Interview With the Vampire
48%
Suraj Sharma 2012 Yann Martel Life of Pi
48%
Viggo Mortensen 2009 Cormac McCarthy The Road
48%
Alan Arkin 1970 Joseph Heller Catch-22
47%
Alicia Silverstone 1995 Jane Austern Clueless
47%
Gwyneth Paltrow 1998 Charles Dickens Great Expectations
47%
Anne Hathaway 2006 Lauren Weisberger The Devil Wears Prada
47%
Adrien Brody 2002 Wladyslaw Szpilman The Pianist
47%
Jim Carrey 2009 Charles Dickens A Christmas Carol
46%
Daniel Radcliffe 2001 J.K. Rowling Harry Potter and the Sorcerer's Stone
46%
Lana Turner 1948 Alexandre Dumas The Three Musketeers
46%
Shailene Woodley 2014 John Green The Fault in Our Stars
45%
Chiwetel Ejiofor 2012 Solomon Northup 12 Years a Slave
44%
Bruce Willis 1988 Roderick Thorp Die Hard
44%
Robert De Niro 1980 Jake LaMotta Raging Bull
43%
Dustin Hoffman 1967 Charles Webb The Graduate
43%
Jesse Eisenberg 2010 Ben Mezrich The Social Network
43%
Mark Rylance 2016 Roald Dahl The BFG
41%
Linda blair 1973 William Peter Blattly The Exorcist
41%
Tom Cruise 1993 John Grisham The Firm
41%
Kate Winselt 2008 Bernhard Schlink The Reader
41%
Russell Crowe 2001 Sylvia Nasar A Beautiful Mind
40%
Robert Blake 1967 Truman Capote In Cold Blood
40%
Daniel Day-Lewis 1989 Christy Brown My Left Foot
40%
Richard Dreyfuss 1997 Charles Dickens Oliver Twist
40%
Cary Elwes 1987 William Goldman The Princess Bride
40%
Anne Hathaway 2001 Meg Cabot The Princess Diaries
40%
Martin Sheen 1979 Joseph Conrad Apocalypse Now
38%
James Dean 1955 John Steinbeck East of Eden
38%
Daniel Day-Lewis 1992 James Fenimore Cooper The Last of the Mohicans
38%
Anthony Hopkins 1993 Kazuo Isigaro The Remains of the Day
38%
Johnny Depp 1998 Hunter S. Thompson Fear and Loathing in Las Vegas
37%
Reese Witherspoon 2001 Amanda Brown Legally Blonde
37%
Geoffrey Rush 2013 Markus Zusak The Book Thief
37%
The Deer Hunter 1978 E.M. Corder The Deer Hunter
37%
John Cusack 2000 Nick Hornby High Fidelity
36%
Mo'Nique 2009 Sapphire Precious
36%
Oskar Werner 1966 Ray Bradbury Fahrenheit 451
35%
Michael Caine 1999 John Irving The Cider House Rules
35%
Sean Connery 1987 Eliot Ness and Oscar Fraley The Untouchables
35%
Constance Wu 2018 Kevin Kwan Crazy Rich Asians
34%
Red Dragon 2002 Jonathan Demme Red Dragon
34%
Lindsay Lohan 1998 Erich Kastner The Parent Trap
34%
Angela Lansbury 1945 Oscar Wilde The Picture of Dorian Gray
34%
Charlton Heston 1959 Lew Wallace Ben-Hur
33%
Shailene Woodley 2014 Veronica Roth Divergent
33%
Omar Sharif 1965 Boris Pasternak Dr. Zhivago
33%
Mia Farrow 1968 Ira Levin Rosemary's Baby
33%
Jim Caviezel 2002 Alexandre Dumas The Count of Monte Cristo
33%
Brad Pitt 2008 F. Scott Fitzgerald The Curious Case of Benjamin Button
33%
Emily Blunt 2016 Paula Hawkins The Girl on the Train
33%
Julia Roberts 1993 John Grisham The Pelican Brief
33%
Emma Watson 2012 Stephen Chbosky The Perks of Being a Wallflower
33%
Dee Wallace 1983 Stephen King Cujo
32%
Sean Connery 1997 Tom Clancy The Hunt for Red October
32%
Benedict Cumberbatch 2014 Andrew Hodges The Imitation Game
32%
Tom Hanks 1995 Jim Lovell Apollo 13
31%
Michael Sacks 1972 Kurt Vonnegut Slaughterhouse Five
31%
James Stewart 1946 Philip Van Doren Stern It's a Wonderful Life
30%
Al Pacino 1992 Giovanni Arpino Scent of a Woman
30%
Gene Hackman 1971 Robin Moore The French Connection
30%
Nicole Kidman 2002 Michael Cunningham The Hours
30%
Daniel Day-Lewis 2007 Upton Sinclair There Will Be Blood
30%
Reese Witherspoon 2014 Cheryl Strayed Wild
30%
Asa Butterfield 2013 Orson Scott Card Ender's Game
29%
Pam Grier 1997 Elmore Leonard Jackie Brown
29%
Meryl Streep 1982 William Styron Sophie's Choice
29%
Humphrey Bogart 1941 Dashiell Hammet The Maltese Falcon
29%
Matt Damon 2015 Andy Weir The Martian
29%
Leonardo DiCaprio 1993 Peter Hedges What's Eating Gilbert Grape
29%
Keir Dullea 1968 Arthur C. Clarke 2001: A Space Odyssey
28%
Kate Winslet 2008 Richard Yates Revolutionary Road
28%
Jeff Bridges 2010 Charles Portis True Grit
28%
Susan Sarandon 1995 Helen Prejean Dead Man Walking
27%
Russell Crowe 1997 James Ellroy L.A. Confidential
27%
Alec Guinness 1957 Pierre Boulle The Bridge On the River Kwai
27%
Tamlyn Tomita 1993 Amy Tan The Joy Luck Club
27%
Tom Cruise 1989 Ron Kovic Born on the Fourth of July
26%
Emile Hirsch 2011 Jon Krakauer Into the Wild
26%
Robin Williams 1993 Anne Fine Mrs. Doubtfire
26%
Denise Crosby 1989 Stephen King Pet Sematary
26%
Clive Owen 2006 P.D. James Children of Men
25%
Bob Hoskins 1988 Gary K. Wolf Who Framed Roger Rabbit
25%
Lew Ayres 1930 Erich Maria Remarque All Quiet on the Western Front
24%
Armie Hammer 2017 Andre Aciman Call Me by Your Name
24%
Sean Penn 2003 Dennis Lehane Mystic River
24%
Bruce Willis 1980 Tom Wolfe The Bonfire of the Vanities
23%
Nicolas Cage 2001 Louis de Bernieres Captain Corelli's Mandolin
22%
Chow Yun Fat 2000 Wang Dulu Crouching Tiger, Hidden Dragon
22%
Meryl Streep 1990 Carrie Fisher Postcards from the Edge
22%
Paul Giamatti 2004 Rex Pickett Sideways
22%
Tilda Swinton 2005 C.S. Lewis The Chronicles of Narnia: The Lion, the Witch and the Wardrobe
22%
Idris Elba 2017 Stephen King The Dark Tower
22%
Steve McQueen 1963 Paul Brickhill The Great Escape
22%
Matt Damon 1999 Patricia Highsmith The Talented Mr. Ripley
22%
Robin Williams 1982 John Irving The World According to Garp
22%
Paul Newman 1967 Donn Pearce Cool Hand Luke
21%
James Earl Jones 1989 W.P. Kinsella Field of Dreams
21%
Taraji P. Henson 2016 Margot Lee Shetterley Hidden Figures
21%
Donald Sutherland 1970 Richard Hooker M*A*S*H
21%
Ziyi Zhang 2005 Arthur Golden Memoirs of a Geisha
21%
Robert De Niro 2019 Charles Brandt The Irishman
21%
Robin Williams 1990 Oliver Sachs Awakenings
20%
Jodie Foster 1997 Carl Sagan Contact
20%
Sean Penn 1982 Cameron Crowe Fast Times at Ridgemont High
20%
Tom Cruise 2012 Lee Child Jack Reacher
20%
Asa Butterfield 2011 Brian Selznick Hugo
19%
Humphrey Bogart 1951 C.S. Forester The African Queen
19%
Nicolas Cage 2002 Susan Orlean Adaptation
18%
Ryan Gosling 2011 James Sallis Drive
18%
Robert Mitchum 1978 Raymond Chandler The Big Sleep
18%
Thomas Jane 2007 Stephen King The Mist
18%
Robert De Niro 1991 John D. McDonald Cape Fear
17%
Arnold Schwarzenegger 1982 Robert E. Howard Conan the Barbarian
17%
Matthew Broderick 1999 Tom Perrotta Election
17%
Chevy Chase 1985 Gregory McDonald Fletch
17%
Vincent D'Onofrio 1987 Gustav Hasford Full Metal Jacket
17%
John Travolta 1995 Elmore Leonard Get Shorty
17%
Denzel Washington 1989 Peter D. Burchard Glory
17%
Daniel Radcliffe 2013 Joe Hill Horns
17%
Dickie Jones 1940 Carlo Collodi Pinocchio
17%
Tobey Maguire 2003 Laura Hillenbrand Seabiscuit
17%
Dev Patel 2019 Charles Dickens The Personal History of David Copperfield
17%
Tom Hanks 2004 Chris Van Allsburg The Polar Express
17%
Kiki Layne 2018 James Baldwin If Beale Street Could Talk
16%
Eddie Murphy 2001 William Steig Shrek
16%
Jack Nicholson 2002 Louis Begley About Schmidt
15%
Ewan McGregor 2003 Daniel Wallace Big Fish
15%
Donald Sutherland 1980 Judith Guest Ordinary People
15%
Howard Stern 1997 Howard Stern Private Parts
15%
Kevin Costner 1997 David Brin The Postman
15%
James Stewart 1958 Thomas Narcejac and Pierre Boileau Vertigo
15%
Robert Redford 1992 Norman MacLean A River Runs Through It
14%
Ryan O'Neal 1975 William Makepeace Thackeray Barry Lyndon
14%
Donald Sutherland 1978 Jack Finney Invasion of the Body Snatchers
14%
Dustin Hoffman 1976 William Goldman Marathon Man
14%
Jeremy Irons 1990 Alan Dershowitz Reversal of Fortune
14%
Kathleen Turner 1984 Diane Thomas Romancing the Stone
14%
Keanu Reeves 2006 Philip K. Dick A Scanner Darkly
13%
Charlie Cox 2007 Neil Gaiman Stardust
13%
Casper Van Dien 1997 Robet Heinlein Starship Troopers
13%
Brie Larson 2017 Jeannette Walls The Glass Castle
13%
Jeff Bridges 1971 Larry McMurtry The Last Picture Show
13%
Sam Shepard 1983 Tom Wolfe The Right Stuff
13%
Bette Davies 1962 Henry Farrell What Ever Happened to Baby Jane?
13%
Clare Higgins 1987 Clive Barker Hellraiser
12%
Peter Weller 1991 William S. Burroughs Naked Lunch
12%
Tom Cruise 1981 Devery Freeman Taps
12%
Paul Newman 1961 Walter Tevis The Hustler
12%
John Wayne 1956 Alan Le May The Searchers
12%
Peter Billingsley 1983 Jean Shepherd A Christmas Story
11%
Laura Linney 1995 Michael Crichton Congo
11%
Jurgen Prochnow 1981 Lothar-Gunther Buchheim Das Boot
11%
Demi Moore 1994 Michael Crichton Disclosure
11%
Casey Affleck 2007 Dennis Lehane Gone Baby Gone
11%
Jay Baruchel 2010 Cressida Cowell How to Train Your Dragon
11%
George Clooney 2002 Stanislaw Lem Solaris
11%
Farley Granger 1951 Patricia Highsmith Strangers on a Train
11%
Robert Donat 1935 John Buchan The 39 Steps
11%
Frank Sinatra 1962 Richard Condon The Manchurian Candidate
11%
Michael Douglas 1978 Michael Crichton Coma
10%
Haley Joel Osment 2000 Catherine Ryan Hyde Pay it Forward
10%
Tim Robbins 1993 Michael Tolkin The Player
10%
Humphrey Bogart 1948 B. Traven The Treasure of the Sierra Madre
10%
Fred MacMurray 1944 James M. Cain Double Indemnity
9%
Brigitte Helm 1927 Thea von Harbou Metropolis
9%
Kevin Bacon 1996 Lorenzo Carcaterra Sleepers
9%
Michael Douglas 2000 Michael Chabon The Wonder Boys
9%
Jake Gyllenhaal 1999 Homer Hickam October Sky
8%
Ralph Fiennes 1984 Richard N. Goodwin Quiz Show
8%
Wesley Snipes 1993 Michael Crichton Rising Sun
8%
Johnny Weissmuller 1932 Edgar Rice Burroughs Tarzan the Ape Man
8%
Robert De Niro 1997 Larry Beinhart Wag the Dog
8%
Russell Crowe 2007 Elmore Leonard 3:10 to Yuma
7%
Peter Sellers 1964 Peter George Dr. Strangelove or: How I Learned to Stop Worrying and Love the Bomb
7%
Sean Young 1987 Kenneth Fearing No Way Out
7%
Ben Affleck 1998 Dean Koontz Phantoms
7%
John Travolta 1998 Anonymous Primary Colors
7%
Mathieu Amalric 2007 Jean Dominique-Bauby The Diving Bell and the Butterfly
7%
Regina Hall 2018 Angie Thomas The Hate U Give
7%
Kevin Kline 1997 Rick Moody The Ice Storm
7%
Paul Walker 2003 Michael Crichton Timeline
7%
Ethan Hawke 1993 Piers Paul Read Alive
6%
Anton Yelchin 2013 Dean Koontz Odd Thomas
6%
Bruce Campbell 2002 Joe R. Lansdale Bubba Ho-Tep
5%
David Cronenberg 1990 Clive Barker Nightbreed
5%
Raquel Welch 1966 Isaac Asimov Fantastic Voyage
5%
Tatsuya Nakadai 1962 Yasuhiko Takiguchi Hara Kiri
5%
Chieko Baisho 2004 Diana Wynne Jones Howl's Moving Castle
5%
Tom Mix 1925 Zane Grey Riders of the Purple Sage
5%
Joe Mantegna 1993 Fred Waitzkin Searching for Bobby Fischer
5%
Humphrey Bogart 1954 Herman Wouk The Caine Mutiny
4%
Corey Haim 1988 Dean Koontz Watchers
4%
Kevin Dillon 1992 William Wharton A Midnight Clear
3%
Darci Kistler 1993 Alexandre Dumas The Nutcracker
2%
Carey Mulligan 2013 Dave Van Ronk Inside Llewyn Davis
2%
Mickey Rourke 2008 Elmore Leonard Killshot
2%
Mike Carey 2016 Glenn Close The Girl With All the Gifts
2%
Don Johnson 2014 Joe R. Lansdale Cold in July
1%
Jeff Bridges 1986 Lawrence Block A Walk Among the Tombstones
0%
No matching quizzes found
Score Distribution
Percent of People with Each Score
Percentile by Number Answered
Your Score History
You have not taken this quiz